000 00362nam a2200121 a 4500
001 000035185
005 20200930074149.0
008 111025s1925 000 spa d
245 3 _aLa perse antique et la civilisation iranienne.
260 _aParis,
_c1925.
590 _aPerteneció a la biblioteca personal de Juan Isidro Jimenes Grullón
999 _c34676
_d34676
040 _aDO-SdBNP